Контракты с музыкантами Фишером и Роголинским и с охтенскими плотниками

Доступно только в Электронных читальных залах Найти на картеНа карте
RUSMARC
00005765nmc2a22000003x 450
0013ed49cab-ff2e-4730-ba7c-36c084c25f31
00520190812140117.0
100##$a20161025l18081808k l0rusy0189 ca
1010#$arus
102##$aRU
2001#$aКонтракты с музыкантами Фишером и Роголинским и с охтенскими плотниками
$j22 февраля - 20 октября 1808 г.
251##$cДело
300##$aДело
801#0$aRU
$bРГИА
$c20161025
$gRCR
801#1$aRU
$bГлавНИВЦ
$c20161025
$2rusmarc
801#2$aRU
$bПБ им. Б.Н. Ельцина
$c20180928
$gRCR
$2rusmarc
850##$aРГИА
852##$aРГИА
$eФедеральное казенное учреждение "Российский государственный исторический архив" (РГИА)
$j129
937##$hРГИА
$d12233947
$aASBIBLIO_SCAN
462#0$1001dd3991dc-24e1-42ec-8838-ca4255420416
$12001
$a1746-1850 гг.
$1251
$cОпись
$1852
$j1
461#0$10019264ebf8-de62-4f1a-9eb4-9f22098dbbd5
$12001
$aДирекция императорских театров МИДв
$1251
$cФонд
$1852
$j497
215##$a7 л.
$d36,5х26 см
371##$aДокумент не является опубликованным и широко распространяемым
105##$ay###
1222#$ad
035##$a3ed49cab-ff2e-4730-ba7c-36c084c25f31
856##$uhttp://readingroom.main.prlib.ru/item.aspx?id_node=n118717958&mode=full
6061#$2prlib_sh
$3LIBNET\UAF\0000083534
$aМузыканты
$xИстория
$yРоссия
$jДокументы и материалы
6061#$aТеатрально-зрелищные предприятия
$xМатериально-техническое снабжение
$jДокументы и материалы
$2nlr_sh1
$3U\NLR\AUTH\661115339
6061#$aТеатральные работники
$xОплата труда
$jДокументы и материалы
$2nlr_sh1
$3RU\NLR\AUTH\661073460
686##$2rubbk
$a85.31
$vLBC/M
686##$a85.33
$vLBC/M
$2rubbk
686##$a63.3(2)521.1-7
$2rubbk
$vLBC/M
605##$2acquisition_Prlib
$3LIBNET\UAF\0000080478
$aГод театра в России
$lколлекция
605##$aРоссия в лицах
$lколлекция
$2acquisition_Prlib
$3DITM\AF\0000004166
60101$2prlib_sh
$3LIBNET\UAF\0000080151
$aРоссия
$bДирекция императорских театров
$xДеятельность
$jДокументы и материалы
Формат отображения